Агрессия и психическое здоровье (Запись № 286932)

Подробности
000 -МАРКЕР
контрольное поле 02740nam0a2200493 4500
001 - ИДЕНТИФИКАТОР ЗАПИСИ
контрольное поле RU\NLR\bibl\358209
005 - ИДЕНТИФИКАТОР ВЕРСИИ
контрольное поле 20260408152659.0
010 ## - МЕЖДУНАРОДНЫЙ СТАНДАРТНЫЙ НОМЕР КНИГИ (ISBN)
Номер (ISBN) 5-94201-107-9
Тираж 1550
021 ## - НОМЕР ГОСУДАРСТВЕННОЙ РЕГИСТРАЦИИ
Код страны Российская Федерация
Номер 2002-55292
Номер Листа государственной регистраци 2686
035 ## - ДРУГИЕ СИСТЕМНЫЕ НОМЕРА
Идентификатор записи (NLR Aleph) 000352848
100 ## - ДАННЫЕ ОБЩЕЙ ОБРАБОТКИ
Данные общей обработки 20030117d2002 u y0rusy50 ca
101 0# - ЯЗЫК РЕСУРСА
Язык текста, звукозаписи и т.д. русский
102 ## - СТРАНА ПУБЛИКАЦИИ ИЛИ ПРОИЗВОДСТВА
Страна публикации Российская Федерация
105 ## - ПОЛЕ КОДИРОВАННЫХ ДАННЫХ: ТЕКСТОВЫЕ МАТЕРИАЛЫ, МОНОГРАФИЧЕСКИЕ
Кодированные данные о монографическом текстовом документе a |||||||||
200 1# - ЗАГЛАВИЕ И СВЕДЕНИЯ ОБ ОТВЕТСТВЕННОСТИ
Основное заглавие Агрессия и психическое здоровье
Параллельное заглавие Aggression and mental health
Первые сведения об ответственности [Т. Б. Дмитриева, Б. В. Шостакович, Г. Б. Агаларзаде и др.]
Последующие сведения об ответственности Под ред. акад. РАМН Т. Б. Дмитриевой и проф. Б. В. Шостаковича
-- Ассоц. "Юрид. центр", М-во здравоохранения РФ, Гос. науч. центр социал. и судеб. психиатрии им. В.П. Сербского
Язык параллельного заглавия английский
210 ## - ПУБЛИКАЦИЯ, РАСПРОСТРАНЕНИЕ И ДР.
Место издания, распространения и т.д. СПб.
Имя издателя, распространителя и т. д. Юрид. центр пресс
Дата издания, распространения и т.д. 2002
215 ## - ФИЗИЧЕСКАЯ ХАРАКТЕРИСТИКА
Специфическое обозначение материала и объем 460,[4] с.
Другие сведения о физической характеристике ил.
Размеры 22
225 1# - СЕРИЯ
Основное заглавие серии Теория и практика уголовного права и уголовного процесса
300 ## - ОБЩИЕ ПРИМЕЧАНИЯ
Текст примечания Авт. указаны на 461-й с.
320 ## - ПРИМЕЧАНИЯ О НАЛИЧИИ В ДОКУМЕНТЕ БИБЛИОГРАФИИ / УКАЗАТЕЛЯ
Текст примечания Библиогр.: с. 448-460
510 0# - ПАРАЛЛЕЛЬНОЕ ЗАГЛАВИЕ
Параллельное заглавие Aggression and mental health
606 0# - НАИМЕНОВАНИЕ ТЕМЫ КАК ПРЕДМЕТ
Наименование темы Агрессивность
Тематический подзаголовок Судебно-психиатрическая экспертиза
Системный номер авторитетной/нормативной записи 2279589
Идентификатор авторитетной/нормативной записи RU\NLR\auth\661365848
606 0# - НАИМЕНОВАНИЕ ТЕМЫ КАК ПРЕДМЕТ
Наименование темы Преступления, совершенные лицами, страдающими психическими расстройствами
Тематический подзаголовок Предупреждение
Географический подзаголовок Российская Федерация
Системный номер авторитетной/нормативной записи 2021229
Идентификатор авторитетной/нормативной записи RU\NLR\auth\66930221
606 ## - НАИМЕНОВАНИЕ ТЕМЫ КАК ПРЕДМЕТ
Наименование темы Агрессивность (психол.)
Идентификатор авторитетной/нормативной записи RU\NLR\auth\6616106
Системный номер авторитетной/нормативной записи 916563
610 0# - НЕКОНТРОЛИРУЕМЫЕ ПРЕДМЕТНЫЕ ТЕРМИНЫ
Предметный термин Агрессивность (психол.)
610 0# - НЕКОНТРОЛИРУЕМЫЕ ПРЕДМЕТНЫЕ ТЕРМИНЫ
Предметный термин Юридическая психология
675 ## - УНИВЕРСАЛЬНАЯ ДЕСЯТИЧНАЯ КЛАССИФИКАЦИЯ (UDC/УДК)
Индекс 343.953
Издание 3
Язык издания rus
686 ## - ИНДЕКСЫ ДРУГИХ КЛАССИФИКАЦИЙ
Индекс 10.77
Код системы
686 ## - ИНДЕКСЫ ДРУГИХ КЛАССИФИКАЦИЙ
Индекс 67.51
Код системы
686 ## - ИНДЕКСЫ ДРУГИХ КЛАССИФИКАЦИЙ
Индекс Р648.1
686 ## - ИНДЕКСЫ ДРУГИХ КЛАССИФИКАЦИЙ
Индекс Р64-325
686 ## - ИНДЕКСЫ ДРУГИХ КЛАССИФИКАЦИЙ
Индекс Ю936.2-81
686 ## - ИНДЕКСЫ ДРУГИХ КЛАССИФИКАЦИЙ
Индекс Х628.101.101
701 #1 - ИМЯ ЛИЦА - АЛЬТЕРНАТИВНАЯ ОТВЕТСТВЕННОСТЬ
Код отношения Автор
Материалы, к которым относится поле rus
Графика поля Кириллица
Начальный элемент ввода Дмитриева
Часть имени, кроме начального элемента ввода Т.Б.
Дополнения к именам, кроме дат д-р мед. наук
Даты 1951-2010
Расширение инициалов личного имени Татьяна Борисовна
Идентификатор авторитетной/нормативной записи RU\NLR\auth\7722806
Системный номер авторитетной/нормативной записи 5861
701 #1 - ИМЯ ЛИЦА - АЛЬТЕРНАТИВНАЯ ОТВЕТСТВЕННОСТЬ
Код отношения Автор
Материалы, к которым относится поле rus
Графика поля Кириллица
Начальный элемент ввода Шостакович
Часть имени, кроме начального элемента ввода Б. В.
Даты 1932-2007
Расширение инициалов личного имени Борис Владимирович
Идентификатор авторитетной/нормативной записи RU\NLR\auth\7756145
Системный номер авторитетной/нормативной записи 39077
701 #1 - ИМЯ ЛИЦА - АЛЬТЕРНАТИВНАЯ ОТВЕТСТВЕННОСТЬ
Начальный элемент ввода Агаларзаде
Часть имени, кроме начального элемента ввода Г. Б.
Расширение инициалов личного имени Гюльшад Башир-Кызы
Код отношения Автор
712 02 - НАИМЕНОВАНИЕ ОРГАНИЗАЦИИ - ВТОРИЧНАЯ ОТВЕТСТВЕННОСТЬ
Код отношения Прочие
Начальный элемент ввода "Юридический центр", ассоциация
Идентифицирующий признак Санкт-Петербург
Идентификатор авторитетной/нормативной записи RU\NLR\AUTH\8810042940
Системный номер авторитетной/нормативной записи 585331
801 #0 - ИСТОЧНИК ЗАПИСИ
Страна Российская Федерация
Организация RKP
Дата составления 20030117
Правила каталогизации PSBO
801 #1 - ИСТОЧНИК ЗАПИСИ
Страна Российская Федерация
Организация RKP
Дата составления 20030117
801 #2 - ИСТОЧНИК ЗАПИСИ
Страна Российская Федерация
Организация NLR
Дата составления 20131003
Правила каталогизации rcr
942 ## - ДОПОЛНИТЕЛЬНЫЕ ЭЛЕМЕНТЫ ЗАПИСИ (АБИС)
Тип экземпляра АБИС Книга
980 ## - КОЛЛЕКЦИЯ
Название коллекции Национальная библиография
Экземпляры
Тип экземпляра Дата поступления Источник поступления Библиотека постоянного хранения Библиотека текущего хранения Место хранения Шифр хранения Штрих-код Статус экземпляра Стоимость
Книга 21.01.2003 Обязательный экземпляр РНБ (Московский) РНБ (Московский) Русский книжный фонд: издания с 1957 года 2003-5/447 406349    
Книга 21.01.2003 Обязательный экземпляр РНБ (Московский) РНБ (Московский) Русский книжный фонд: издания с 1957 года 2003-5/447 406350    
Книга 11.07.2003 Покупка РНБ (Московский) РНБ (Московский) Выбыл из РНБ в другие организации (Обменный фонд)   516307   174.70
Книга 17.09.2003 Покупка РНБ (Московский) РНБ (Московский) Обменный фонд, без заказа   549144   174.70